Responses for Show #3784 - Thursday, February 1, 2001

Contestants

[<< previous game]

Jenny Scharf, an author and physics teacher from Virginia Beach, Virginia

Andrew Greenbaum, a stay-at-home dad from Coppell, Texas

Mark Stacy, a newspaper copy editor from Morgantown, West Virginia (whose 1-day cash winnings total $5,600)

[next game >>]

Jeopardy! Round responses

THE HISTORY CHANNEL
DIANA ROSS
THE COMPUTER AGE
CONSTELLATIONS
EAT YOUR VEGGIES
CROSSWORD CLUES "K"
    $100 11
Iran

Andrew
    $100 22
(Jenny: What is "Evergreen"?)

"Mahogany"

AndrewJenny
    $100 10
computer chips

Triple Stumper
    $100 14
Noah

Andrew
    $100 6
onions

Mark
    $100 1
Kleenex

Jenny
    $200 12
the Declaration of Independence

Jenny
    $200 23
Billie Holiday

Mark
    $200 18
spreadsheet

Mark
    $200 27
Draco

Mark
    $200 7
lima beans

Jenny
    $200 2
Kin

Mark
    $300 15
(Andrew: What is Spain?)

Portugal

MarkAndrew
    $300 24
(Alex: Minute to go.)

"You Can't Hurry Love"

Andrew
    $300 19
operating systems

Triple Stumper
    $300 28
red

Jenny
    $300 8
bamboo

Jenny
    $300 3
Knot

Mark
    $400 16
Copper

Triple Stumper
    $400 25
"Endless Love"

Mark
    $400 20
PASCAL

Triple Stumper
    $500 29
[The end-of-round signal sounds.]

Sirius (the Dog Star)

Jenny
    $400 9
asparagus

Andrew
    $400 4
Kern

Andrew
    $500 17
Khe Sanh

Mark
    $500 26
Marvin Gaye

Andrew
    $500 21
(Mark: What is mole?)

gopher

Mark
Triple Stumper
    $500 13
potato

Triple Stumper
    $500 5
Karachi

Mark

Scores at the first commercial break (after clue 15):

Mark Andrew Jenny
$1,400 $700 $800

Scores at the end of the Jeopardy! Round:

Mark Andrew Jenny
$2,400 $1,600 $1,500

Double Jeopardy! Round responses

THE CHANNEL HISTORY
(Alex: Not THE HISTORY CHANNEL.)
ART MUSEUMS
POETS WHO RHYME
(Alex: Example: Canterbury Tales author who rhymes with a dish: Chaucer (Saucer).)
DISNEY FILM VOICES
QUOTATIONS
"CAN" IT!
    $200 16
shipwrecks

Mark
    $200 26
(Andrew: Who is Dali?)

Pablo Picasso

AndrewJenny
    $200 21
Tennyson (Venison)

Jenny
    $200 5
The Little Mermaid

Mark
    $200 11
Jesse Jackson

Andrew
    $200 1
Cape Canaveral

Mark
    $400 17
Hastings

Mark
    $400 27
Tate Gallery

Triple Stumper
    $400 22
Yeats (Crates)

Mark
    $400 6
Tarzan

Andrew
    $400 12
Mark Twain

Triple Stumper
    $400 2
canapes

Mark
    $600 18
hovercraft

Mark
    $600 28
The Rijksmuseum

Triple Stumper
    $600 23
(Alex: Minute to go.)

Keats (Beets)

Jenny
    $600 7
The Hunchback of Notre Dame

Jenny
    $600 13
an enigma

Andrew
    $600 3
candy-striper

Jenny
    $800 19
Guernsey

Triple Stumper
    $600 29
(Jenny: What is Berlin?)
...
(Alex: Clue referring to Edvard Munch, who painted The Scream.)
[The end-of-round signal sounds.]

Oslo, Norway

Jenny
    $800 24
Kipling (Tippling)

Triple Stumper
    $800 8
Mulan

Triple Stumper
    $800 14
(Andrew: Who is Alfred Hitchcock?)

Orson Welles

Andrew
    $800 4
Cannery Row

Andrew
    $1000 20
Dieppe

Triple Stumper
    $1000 25
Frost (Cost)

Triple Stumper
    $1000 9
Alice in Wonderland

Triple Stumper
    $1000 15
Joseph Campbell

Mark
    $1000 10
Canaletto (The Grand Canal)

Triple Stumper

Scores at the end of the Double Jeopardy! Round:

Mark Andrew Jenny
$5,800 $2,600 $3,100

[wagering suggestions for these scores]

Final Jeopardy! Round responses

WORLD GEOGRAPHY
(Alex: Mark, you were in the right part of the world.)
AndrewWhat is the U.S. Virgin Islands
$2,598
JennyWhat is Puerto Rico?
$2,700
MarkWhat is Samoa?
$500
Guam

Final scores:

Mark Andrew Jenny
$5,300 $2 $400
2-day champion: $10,900 3rd place: Eagle Creek luggage gift certificate 2nd place: Trip to Switzerland

Game dynamics:

Coryat scores:

Mark Andrew Jenny
$5,800 $3,400 $3,600
18 R,
1 W
11 R,
3 W
(including 1 DD)
11 R
(including 1 DD),
2 W
(including 1 DD)

Combined Coryat: $12,800

[game clues] [game scores] [suggest correction]

Game tape date: 2000-11-14
The J! Archive is created by fans, for fans. Scraping, republication, monetization, and malicious use prohibited; this site may use cookies and collect identifying information. See terms. The Jeopardy! game show and all elements thereof, including but not limited to copyright and trademark thereto, are the property of Jeopardy Productions, Inc. and are protected under law. This website is not affiliated with, sponsored by, or operated by Jeopardy Productions, Inc. Join the discussion at JBoard.tv.